00790nam a22002057a 4500003000400000005001700004008004100021040000900062100002900071245008800100246004900188260005100237300002600288500005700314610003500371650002700406610005100433700001700484710008300501OSt20151016140002.0130620s1987 sp ||||| |||| 00| 0 spa d cCDMR1 aMadrid Santos, Francisco10aSolidaridad Obrerab: un símbolo y mito de un periódico legendariocPaco Madrid 4a80 aniversariobSolidaridad Obrera 1907-1987 aBarcelonabAteneu Enciclopèdic Popularc1987 a60 p.bil. b/nc21 cm aConté: Solidaridad Obrera, 1939-1987 / Ferran Aisa2 aSolidaridad Obrera (Barcelona)04aLiteratura clandestina2 aConfederación Nacional del Trabajo (Espanya)1 aAisa, Ferran2 aAteneu Enciclopèdic Popularb -- Centre de Documentació Històrico-Social